Catálogo público

Métodos matemáticos para la formulación de raciones balanceadas en la producción animal / (Record no. 167648)

MARC details
000 -CABECERA
campo de control de longitud fija 00923nam a2200289Ia 4500
001 - NÚMERO DE CONTROL
campo de control Z_4573
003 - IDENTIFICADOR DEL NÚMERO DE CONTROL
campo de control CHAP
008 - DATOS DE LONGITUD FIJA--INFORMACIÓN GENERAL
campo de control de longitud fija 220113s[197 xx 000 0 und d
010 ## - NÚMERO DE CONTROL DE LA BIBLIOTECA DEL CONGRESO
Número de control de LC 167648
040 ## - FUENTE DE LA CATALOGACIÓN
Centro/agencia transcriptor CHAP
082 ## - NÚMERO DE LA CLASIFICACIÓN DECIMAL DEWEY
Número de clasificación 636.085 T78m
100 ## - ENTRADA PRINCIPAL--NOMBRE DE PERSONA
Nombre de persona Trujillo Figueroa, Vicente
9 (RLIN) 115401
245 ## - MENCIÓN DE TÍTULO
Título Métodos matemáticos para la formulación de raciones balanceadas en la producción animal /
Mención de responsabilidad, etc. Vicente Trujillo Figueroa
260 ## - PUBLICACIÓN, DISTRIBUCIÓN, ETC.
Lugar de publicación, distribución, etc. México :
Nombre del editor, distribuidor, etc. Centro Nacional de Productividad de México,
Fecha de publicación, distribución, etc. [197
300 ## - DESCRIPCIÓN FÍSICA
Extensión xv, 266 p.
503 ## - NOTA DE HISTORIA BIBLIOGRÁFICA (BK CF MU) [OBSOLETO]
Nota de historia bibliográfica ej.1 - ej.3: fotocopias
504 ## - NOTA DE BIBLIOGRAFÍA, ETC.
Nota de bibliografía, etc. Bilbiografía: p. 263 - 266
650 ## - PUNTO DE ACCESO ADICIONAL DE MATERIA--TÉRMINO DE MATERIA
Término de materia o nombre geográfico como elemento de entrada Alimentos para animales
Subdivisión general
-- Formulación de raciones
--
-- Métodos
9 (RLIN) 141913
650 ## - PUNTO DE ACCESO ADICIONAL DE MATERIA--TÉRMINO DE MATERIA
Término de materia o nombre geográfico como elemento de entrada Nutrición animal
9 (RLIN) 82275
650 ## - PUNTO DE ACCESO ADICIONAL DE MATERIA--TÉRMINO DE MATERIA
Término de materia o nombre geográfico como elemento de entrada Nutrición animal
Subdivisión general
-- Modelos matemáticos
9 (RLIN) 141914
901 ## - ELEMENTOS DE DATOS A LOCAL LDA (RLIN)
a 636.085 T78M
902 ## - ELEMENTOS DE DATOS B LOCAL, LDB (RLIN)
a M
910 ## - DATOS DE OPCIÓN DEL USUARIO (OCLC)
Datos de opción del usuario [197
942 ## - ELEMENTOS DE PUNTO DE ACCESO ADICIONAL (KOHA)
Tipo de ítem Koha Libro_
942 ## - ELEMENTOS DE PUNTO DE ACCESO ADICIONAL (KOHA)
Tipo de ítem Koha
Holdings
Estado de retiro Estado de pérdida Fuente del sistema de clasificación o colocación Estado dañado No para préstamo Código de colección Localización permanente Ubicación/localización actual Ubicación en estantería Fecha de adquisición Total de préstamos Código de barras Fecha visto por última vez Fecha del último préstamo Número de copia Precio válido a partir de Tipo de ítem Koha
    Dewey Decimal Classification     General Zootecnia Zootecnia   09/11/2005 1 z_0053 23/02/2023 23/02/2023 1 18/01/2022 Libro
    Dewey Decimal Classification     General Zootecnia Zootecnia   09/11/2005 1 z_0353 15/04/2024 15/04/2024 2 18/01/2022 Libro
    Dewey Decimal Classification     General Zootecnia Zootecnia   09/11/2005 1 z_0974 30/11/2023 30/11/2023 3 18/01/2022 Libro